000
00237nam a22001097a 4500
082
_a
542.1 MUN'L
100
_a
MUNCE, J.F
_9
59590
245
_a
LABORATORY PLANNING
260
_a
LONDON
_b
BUHCEWORTHS
_c
1962
300
_a
360P
942
_c
BK
999
_c
569530
_d
569530